Spinnables : (Record no. 112695)
[ view plain ]
| 000 -LEADER | |
|---|---|
| fixed length control field | 00338nam a2200121 a 4500 |
| 005 - DATE AND TIME OF LATEST TRANSACTION | |
| control field | 20140414131946.0 |
| 008 - FIXED-LENGTH DATA ELEMENTS--GENERAL INFORMATION | |
| fixed length control field | 110201s19uu xx 00 eng d |
| 050 ## - LIBRARY OF CONGRESS CALL NUMBER | |
| Classification number | TR 371.3078 |
| Item number | Sch3 2007 |
| 100 ## - MAIN ENTRY--PERSONAL NAME | |
| Personal name | Schwartz, Betty Ann |
| 245 ## - TITLE STATEMENT | |
| Title | Spinnables : |
| Remainder of title | The spinning book of colors, shapes, and numbers. |
| Withdrawn status | Lost status | Damaged status | Home library | Current library | Shelving location | Date acquired | Total Checkouts | Full call number | Barcode | Date last seen | Price effective from | Koha item type |
|---|---|---|---|---|---|---|---|---|---|---|---|---|
| Munich Library | Munich Library | Teachers Reference Section | 02/01/2011 | TR 371.3078 Sch3 2007 | M4072 | 04/14/2014 | 04/14/2014 | Books | ||||
| Munich Library | Munich Library | Teachers Reference Section | 02/01/2011 | TR 371.3078 Sch3 2007 | M4073 | 04/14/2014 | 04/14/2014 | Books |